00947nam a22002411 4500001000700000003000900007005001700016007000300033008004100036016001800077040002100095080001900116100004000135245018000175250001200355260005100367300005800418490002500476830003300501852003100534999001900565952012100584142152ES-MaACL20230906200445.0t|071003s1952 sp ||||0| spa d7 zIND2000946571 aM-BN bspa cCDM a356.251.21(47)1 aWilloughby, Charles Andrew.911699610aSorge, Jefe del espionaje soviético / cMayor General Charles A. Willoughby ; prólogo del General Douglas Mac Arthur ; [traducción directa del inglés por Luis Solano]. a1ª ed. aBarcelona : bA. H. R, c1952 (fImp. Moderna) a386 p., 7 h., 2 h. de lám., 1 h. de mapa ; c19 cm.1 aLa cortina de hierro0 aLa cortina de hierro9182126 aES-MaACLjD-9232 bR.33010 c142152d142152 00104070aATENEOMbATENEOMcSVId2008-01-17eSCl0oD-9232p901147907r2023-02-23 00:00:00w2023-02-23yMONOGRAFIA